Who audits Australia /

Kaydedildi:
Detaylı Bibliyografya
Müşterek Yazar: University of Sydney. Accounting Research Centre
Materyal Türü: Süreli
Dil:English
Baskı/Yayın Bilgisi: [Sydney] : The Centre, 1984-.
Konular:
LEADER 01254cas a2200337 a 4500
001 c000228817
003 CARM
005 20070111155810.0
008 900809c19849999xnaar 0 a0eng d
019 1 |a 7346251  |5 LACONCORD2021 
022 |a 1035-2015  |y 0158-1945 
035 |a (OCoLC)173328178  |5 LACONCORD2021 
040 |a ANL-S  |b eng  |c ANL-S 
042 |a anuc 
043 |a u-at---  |a u-nz--- 
082 0 4 |a 657.4500994  |2 20 
245 0 0 |a Who audits Australia /  |c The University of Sydney, Accounting Research Centre. 
246 3 3 |a Who audits Australia and New Zealand 
260 |a [Sydney] :  |b The Centre,  |c 1984-. 
300 |a v. ;  |c 29 cm. 
362 0 |a 1984- 
500 |a 1985 issue has title: Who audits Australia and New Zealand. 
515 |a No issue published in 1986. 
650 0 |a Auditors  |z Australia  |v Registers  |v Periodicals. 
650 0 |a Auditors  |z New Zealand  |x Registers  |v Periodicals. 
710 2 |a University of Sydney.  |b Accounting Research Centre. 
852 8 |b CARM  |h A2:AJ07H0  |i F01394  |p 0340419  |f SE 
866 0 |a 1985 
866 0 |a 1985 
999 f f |i 245d12cf-e214-5bf7-867b-84e2e782cd4b  |s e5a9a353-3898-5124-b2f9-ed48d1086750 
952 f f |p Can circulate  |a CAVAL  |b CAVAL  |c CAVAL  |d CARM 1 Store  |e F01394  |f A2:AJ07H0  |h Other scheme  |i book  |k 1985  |m 0340419